Welcome to CU Library Online Public Access Catalogue (OPAC)

Introduction to marine biology (Record no. 1986)

MARC details
000 -LEADER
fixed length control field 00553pam a2200193 4500
001 - CONTROL NUMBER
control field 3614379
005 - DATE AND TIME OF LATEST TRANSACTION
control field 20241209111550.0
008 - FIXED-LENGTH DATA ELEMENTS--GENERAL INFORMATION
fixed length control field 731002s1974 moua b 000 0 eng
020 ## - INTERNATIONAL STANDARD BOOK NUMBER
International Standard Book Number 0801632579
050 00 - LIBRARY OF CONGRESS CALL NUMBER
Classification number QH91
Item number .M23 1974
082 00 - DEWEY DECIMAL CLASSIFICATION NUMBER
Classification number 574.92
100 1# - MAIN ENTRY--PERSONAL NAME
Personal name McConnaughey, Bayard Harlow,
Dates associated with a name 1916-
245 10 - TITLE STATEMENT
Title Introduction to marine biology
Statement of responsibility, etc. [by] Bayard H. McConnaughey.
250 ## - EDITION STATEMENT
Edition statement 2d ed.
260 ## - PUBLICATION, DISTRIBUTION, ETC.
Place of publication, distribution, etc. Saint Louis,
Name of publisher, distributor, etc. C. V. Mosby Co.,
Date of publication, distribution, etc. 1974.
300 ## - PHYSICAL DESCRIPTION
Extent x, 544 p.
Other physical details illus.
Dimensions 27 cm.
650 #0 - SUBJECT ADDED ENTRY--TOPICAL TERM
Topical term or geographic name entry element Marine biology.
942 ## - ADDED ENTRY ELEMENTS (KOHA)
Source of classification or shelving scheme Library of Congress Classification
Koha item type Books
Edition 2nd ed.
Suppress in OPAC No
999 ## -
-- 1986
-- 1986
Holdings
Withdrawn status Lost status Source of classification or shelving scheme Damaged status Not for loan Collection Home library Current library Shelving location Date acquired Total checkouts Full call number Barcode Date last seen Copy number Price effective from Koha item type
    Library of Congress Classification     Non-fiction Science Library (Miotso) Science Library (Miotso) General stacks 12/09/2024   QH91 .M23 McC SLM00001171 12/09/2024 1 12/09/2024 Books
© 2023-2024 Copyright: Central University Libraries. All Rights Reserved | Created by: Mahone Tech Office